Élni csak tiszta környezetben lehet környezetvédelmi szakbizottság alakul Szegeden /
Elmentve itt :
| Szerző: | |
|---|---|
| Dokumentumtípus: | Cikk |
| Megjelent: |
1972-09-12
|
| Sorozat: | Délmagyarország
62 No. 215 |
| Kulcsszavak: | Környezetvédelem Szeged 1972, környezetvédelem |
| Online Access: | http://dmarchiv.bibl.u-szeged.hu/63917 |
| LEADER | 00545nab a2200157 i 4500 | ||
|---|---|---|---|
| 001 | delm63917 | ||
| 005 | 20180927151239.0 | ||
| 008 | 180927s1972 hu o 0|| hun d | ||
| 040 | |a SZTE Délmagyarország Archívum |b hun | ||
| 041 | |a hun | ||
| 100 | 1 | |a Szőke Mária | |
| 245 | 1 | 0 | |a Élni csak tiszta környezetben lehet |h [elektronikus dokumentum] : |b környezetvédelmi szakbizottság alakul Szegeden / |c Szőke Mária |
| 260 | |c 1972-09-12 | ||
| 300 | |a 3 | ||
| 490 | 0 | |a Délmagyarország |v 62 No. 215 | |
| 695 | |a Környezetvédelem Szeged 1972, környezetvédelem | ||